| 000 | 02359nam a2200349 a 4500 | ||
|---|---|---|---|
| 001 | |||
| 003 | |||
| 005 | 20230316111739.0 | ||
| 008 | 130313s2008 dr 000 0 spa d | ||
| 020 | _a9789945865127 | ||
| 040 |
_aBPMSU _bspa _cBPMSU |
||
| 082 | 4 |
_a323.44 _bL681a 2008 _222 |
|
| 245 | 0 | 0 |
_a Ley de acceso a la informaciòn : balance y análisis / _cpresentación Cristóbal Rodríguez Gómez, Wilfredo Lozano, |
| 246 | 1 | 3 | _aCuarto Panel :Ley de acceso a la informaciòn : balance y análisis |
| 260 |
_aSanto Domingo : _bFLASCO : _bCONARE, _c2008. |
||
| 300 |
_a3v. ; _c22 cm. |
||
| 490 | 0 | _aReforma y modernización del sistema político dominicano | |
| 500 | _aIncluye notas al pie de las páginas | ||
| 500 | _a 4to panel a cargo del dr. Castaños Guzmán para quien la adopción de la Ley general de libre acceso a la información implica la transformación de la relación de los ciudadanos con la administración pública | ||
| 504 | _a 4to panel a cargo del dr. Castaños Guzmán para quien la adopción de la Ley general de libre acceso a la información implica la transformación de la relación de los ciudadanos con la administración pública | ||
| 505 |
_gv.1. : 1o. Panel-- _tSeparación de poderes y sistemas de control: los poderes del Estado en la reforma constitucional de la República Dominicana / _rCristóbal Rodríguez Gómez _gv. 2. : 2o. Panel : _tEl papel de los partidos políticos en la construcción de la transparencia en la administración pública-- _gv.3. : 3o. Panel- _tNacionalidad, ciudadanía y reforma constitucional en la República Dominicana de principios del siglo XXI / _rWilfredo Lozano _gv.4. : 4o. Panel-- _tLey de acceso a la información: balance y analisís. |
||
| 590 | _aInventariado, 2023/VM | ||
| 650 | 4 |
_a Derecho civiles _zRepública Dominicana _vCongresos, conferencias, etc. |
|
| 650 | 4 |
_aLibertad de información _zRepública Dominicana _vCongresos, conferencias, etc. |
|
| 651 | 4 |
_aRepública Dominicana _xDerecho constitucional _vCongresos, conferencias, etc. |
|
| 700 | 1 |
_aRodríguez Gómez, Cristóbal _t |
|
| 700 | 1 | _aLozano, Wilfredo. | |
| 710 | 2 | _aConsejo Nacional de Administración del Estado (República Dominicana) | |
| 710 | 2 | _aFacultad Latinoamericcana de Ciencias Sociales (República Dominicana) | |
| 910 | _aVMateo V. Control de calidad (BPMSU) | ||
| 942 |
_2ddc _cBK |
||
| 999 |
_c14377 _d14377 |
||